[Event "I Torneo Villa de Madrid 2009"]
[Site "Madrid ESP"]
[Date "2009.12.12"]
[Round "1.2"]
[White "Nuno Spiewak, Miguel"]
[Black "Hernandez Carmenates, Holden"]
[Result "0-1"]
[WhiteElo "1719"]
[BlackElo "2564"]
[PlyCount "100"]
[EventDate "2009.12.12"]
[EventType "swiss (rapid)"]
[EventRounds "8"]
[EventCountry "ESP"]
[Source "lmi"]
[SourceDate "2009.12.12"]

1. e4 c5 2. Nf3 d6 3. d4 cxd4 4. Nxd4 Nf6 5. Nc3 a6 6. Bg5 e6 7. f4 Nc6 8. Nb3
Be7 9. Qf3 h6 10. Bh4 g5 11. fxg5 Nd7 12. O-O-O Nde5 13. Qe2 hxg5 14. Bf2 b5
15. g3 Bd7 16. h4 gxh4 17. gxh4 Bxh4 18. Be3 Qc7 19. Kb1 O-O-O 20. a4 Nb4 21.
Qd2 Nc4 22. Bxc4 bxc4 23. Nc1 Be7 24. Rxh8 Rxh8 25. Nb5 axb5 26. Qxb4 Rh5 27.
Ne2 bxa4 28. Nc3 a3 29. Bf4 Qc5 30. Qxc5+ Rxc5 31. bxa3 e5 32. Be3 Ra5 33. Nd5
Bd8 34. Kb2 Be6 35. Nb4 c3+ 36. Kxc3 Rxa3+ 37. Kd2 Ba5 38. c3 Bc4 39. Rc1 Kd7
40. Nd5 Ra2+ 41. Rc2 Rxc2+ 42. Kxc2 Bxd5 43. exd5 f5 44. Bg5 Bb6 45. Kd3 Bc5
46. c4 Ke8 47. Ke2 Kf7 48. Kf3 Kg6 49. Bd2 Kh5 50. Bc1 f4 0-1

[Event "I Torneo Villa de Madrid 2009"]
[Site "Madrid ESP"]
[Date "2009.12.12"]
[Round "1.3"]
[White "Vazquez Igarza, Renier"]
[Black "Garcia-ines Sanchez, Gustavo"]
[Result "1-0"]
[WhiteElo "2560"]
[BlackElo "1737"]
[PlyCount "55"]
[EventDate "2009.12.12"]
[EventType "swiss (rapid)"]
[EventRounds "8"]
[EventCountry "ESP"]
[Source "lmi"]
[SourceDate "2009.12.12"]

1. d4 Nf6 2. c4 d6 3. Nf3 g6 4. Nc3 Bg7 5. e4 Nbd7 6. Be2 O-O 7. O-O a6 8. Re1
Re8 9. Bf1 e5 10. d5 Nf8 11. b4 Nh5 12. Bg5 f6 13. Bd2 Bg4 14. h3 Bd7 15. c5
Qc8 16. Rc1 Bxh3 17. gxh3 Nf4 18. Bxf4 exf4 19. cxd6 Qd7 20. dxc7 Qxc7 21. Nb5
Qxc1 22. Qxc1 axb5 23. Bxb5 Rec8 24. Qxf4 Rxa2 25. d6 Rcc2 26. d7 Rxf2 27. Bc4+
Kh8 28. Bxa2 1-0

[Event "I Torneo Villa de Madrid 2009"]
[Site "Madrid ESP"]
[Date "2009.12.12"]
[Round "2.1"]
[White "Hernandez Carmenates, Holden"]
[Black "Pastor Alonso De Prado, Emilio Alberto"]
[Result "1-0"]
[WhiteElo "2564"]
[BlackElo "2188"]
[PlyCount "49"]
[EventDate "2009.12.12"]
[EventType "swiss (rapid)"]
[EventRounds "8"]
[EventCountry "ESP"]
[Source "lmi"]
[SourceDate "2009.12.12"]

1. d4 d5 2. c4 e6 3. Nc3 Nf6 4. cxd5 exd5 5. Bg5 Be7 6. e3 O-O 7. Bd3 c6 8. Qc2
Nbd7 9. Nge2 Re8 10. O-O g6 11. f3 Nh5 12. Bxe7 Qxe7 13. e4 dxe4 14. fxe4 Nb6
15. a4 a5 16. Qb3 Qc7 17. Rac1 Bg4 18. h3 Bxe2 19. Nxe2 Rad8 20. Rf3 Rc8 21.
Rcf1 Re7 22. Rxf7 Kh8 23. Rf8+ Rxf8 24. Rxf8+ Kg7 25. Qg8+ 1-0

[Event "I Torneo Villa de Madrid 2009"]
[Site "Madrid ESP"]
[Date "2009.12.12"]
[Round "2.2"]
[White "Gemy Bargas, Jose Daniel"]
[Black "Vazquez Igarza, Renier"]
[Result "0-1"]
[WhiteElo "2169"]
[BlackElo "2560"]
[PlyCount "120"]
[EventDate "2009.12.12"]
[EventType "swiss (rapid)"]
[EventRounds "8"]
[EventCountry "ESP"]
[Source "lmi"]
[SourceDate "2009.12.12"]

1. d4 d5 2. Nf3 Nf6 3. g3 c6 4. Bg2 Bg4 5. O-O Nbd7 6. b3 e6 7. Nbd2 Bd6 8. Bb2
O-O 9. Ne5 Bf5 10. c4 Qe7 11. Qe1 Rad8 12. Nxd7 Rxd7 13. e4 dxe4 14. Nxe4 Bxe4
15. Bxe4 Bb4 16. Qe2 Ba3 17. Bc3 Bb4 18. Bb2 Nxe4 19. Qxe4 Rfd8 20. Rad1 Qg5
21. f4 Qa5 22. a3 Bf8 23. f5 exf5 24. Rxf5 Qb6 25. Rd3 Re7 26. Re5 Rde8 27.
Rxe7 Rxe7 28. Qf3 Re1+ 29. Kg2 Qd8 30. Re3 Rxe3 31. Qxe3 Qd7 32. Qe4 f5 33. Qe3
Kf7 34. Kf3 b5 35. Qd3 g6 36. d5 bxc4 37. bxc4 cxd5 38. cxd5 Qa4 39. h3 a6 40.
g4 Bd6 41. gxf5 Qf4+ 42. Ke2 Qh2+ 43. Kd1 Qxb2 44. fxg6+ hxg6 45. Qxa6 Qb3+ 46.
Ke2 Qa2+ 47. Kf1 Qxd5 48. Qa7+ Kf6 49. Qe3 Qb5+ 50. Kg2 Qb2+ 51. Kf1 Qxa3 52.
Qd4+ Be5 53. Qh4+ Kf7 54. Qg4 Qc1+ 55. Kg2 Qc2+ 56. Kg1 Qh2+ 57. Kf1 Qf4+ 58.
Qxf4+ Bxf4 59. Kg2 Kf6 60. Kf3 Kf5 0-1

[Event "I Torneo Villa de Madrid 2009"]
[Site "Madrid ESP"]
[Date "2009.12.12"]
[Round "2.3"]
[White "Beltran De Heredia E., Miguel"]
[Black "Herraiz Hidalgo, Herminio"]
[Result "0-1"]
[WhiteElo "2054"]
[BlackElo "2488"]
[PlyCount "88"]
[EventDate "2009.12.12"]
[EventType "swiss (rapid)"]
[EventRounds "8"]
[EventCountry "ESP"]
[Source "lmi"]
[SourceDate "2009.12.12"]

1. e4 e6 2. d4 d5 3. Nc3 Nf6 4. Bg5 dxe4 5. Nxe4 Be7 6. Bxf6 gxf6 7. Nf3 f5 8.
Ng3 c5 9. Bb5+ Bd7 10. Bxd7+ Qxd7 11. dxc5 Qxd1+ 12. Rxd1 Nc6 13. O-O Bxc5 14.
Rfe1 Be7 15. c3 Rd8 16. Rxd8+ Kxd8 17. Rd1+ Kc7 18. Kf1 h5 19. h4 a6 20. Ne2
Bf6 21. Rd2 Ne5 22. Nxe5 Bxe5 23. g3 Rg8 24. f4 Bd6 25. Kf2 Kd7 26. a3 Ke7 27.
c4 Rc8 28. Rc2 b5 29. Ke3 bxc4 30. b4 Bb8 31. a4 f6 32. Kd4 Ba7+ 33. Kc3 e5 34.
b5 a5 35. Rb2 Bb6 36. Rd2 Bc5 37. Kc2 Ke6 38. Rd1 Bb4 39. Nc3 exf4 40. gxf4 Rg8
41. Re1+ Kf7 42. Rd1 Rg2+ 43. Rd2 Rg3 44. Nd5 Bxd2 0-1

[Event "I Torneo Villa de Madrid 2009"]
[Site "Madrid ESP"]
[Date "2009.12.12"]
[Round "2.4"]
[White "Suba, Mihai"]
[Black "Arauz Alonso, Fernando"]
[Result "1-0"]
[WhiteElo "2471"]
[BlackElo "2140"]
[PlyCount "68"]
[EventDate "2009.12.12"]
[EventType "swiss (rapid)"]
[EventRounds "8"]
[EventCountry "ESP"]
[Source "lmi"]
[SourceDate "2009.12.12"]

1. Nf3 Nf6 2. c4 c6 3. d4 d5 4. e3 e6 5. Bd3 Be7 6. O-O O-O 7. Qc2 b6 8. Nbd2
Bb7 9. e4 dxe4 10. Nxe4 Nbd7 11. Rd1 h6 12. Bf4 c5 13. dxc5 bxc5 14. Nxf6+ Bxf6
15. Ne5 Bxe5 16. Bxe5 Qc8 17. Bd6 Re8 18. Be4 Bc6 19. f3 Nf6 20. Bxc6 Qxc6 21.
Be5 Rad8 22. b3 Qb6 23. h3 Rxd1+ 24. Rxd1 Rd8 25. Rd2 Kf8 26. Kh2 Ke7 27. Qd1
h5 28. Rxd8 Qxd8 29. Bxf6+ gxf6 30. Qxd8+ Kxd8 31. Kg3 f5 32. Kh4 e5 33. Kg5 f4
34. Kf6 Ke8 1-0

[Event "I Torneo Villa de Madrid 2009"]
[Site "Madrid ESP"]
[Date "2009.12.12"]
[Round "3.1"]
[White "Hernandez Gallardo, Francisco Javier"]
[Black "Hernandez Carmenates, Holden"]
[Result "1/2-1/2"]
[WhiteElo "2360"]
[BlackElo "2564"]
[PlyCount "64"]
[EventDate "2009.12.12"]
[EventType "swiss (rapid)"]
[EventRounds "8"]
[EventCountry "ESP"]
[Source "lmi"]
[SourceDate "2009.12.12"]

1. e4 c5 2. Nf3 d6 3. d4 cxd4 4. Nxd4 Nf6 5. Nc3 a6 6. Bc4 e6 7. Bb3 Nbd7 8.
Bg5 Nc5 9. Qe2 Be7 10. f4 h6 11. Bxf6 Bxf6 12. O-O-O Qb6 13. e5 dxe5 14. fxe5
Be7 15. Kb1 Bd7 16. Rhf1 O-O 17. Ne4 Rfd8 18. Qf3 Be8 19. Nf6+ gxf6 20. exf6
Bf8 21. Qg4+ Kh8 22. Rf3 Ne4 23. Qxe4 Bc6 24. Qg4 Bxf3 25. gxf3 Qc5 26. f4 h5
27. Qf3 Rxd4 28. Rxd4 Qxd4 29. Qxh5+ Kg8 30. Qg5+ Kh8 31. Qh5+ Kg8 32. Qg5+ Kh8
1/2-1/2

[Event "I Torneo Villa de Madrid 2009"]
[Site "Madrid ESP"]
[Date "2009.12.12"]
[Round "3.2"]
[White "Vazquez Igarza, Renier"]
[Black "Taboas Rodriguez, Daniel"]
[Result "1/2-1/2"]
[WhiteElo "2560"]
[BlackElo "2359"]
[PlyCount "100"]
[EventDate "2009.12.12"]
[EventType "swiss (rapid)"]
[EventRounds "8"]
[EventCountry "ESP"]
[Source "lmi"]
[SourceDate "2009.12.12"]

1. d4 Nf6 2. c4 e6 3. Nc3 d5 4. Nf3 Be7 5. Bf4 O-O 6. e3 c5 7. dxc5 Bxc5 8.
cxd5 Nxd5 9. Nxd5 exd5 10. a3 Nc6 11. Bd3 Bd6 12. Bxd6 Qxd6 13. O-O h6 14. h3
Be6 15. Rc1 Rfc8 16. Bb1 Ne5 17. Nxe5 Qxe5 18. Qd2 Rxc1 19. Rxc1 Rd8 20. Rd1 b6
21. Bd3 Rc8 22. Be2 Qe4 23. Bf3 Qc2 24. Qd4 g6 25. g4 Qb3 26. Qe5 a5 27. Kg2
Kh7 28. Rd2 Rc5 29. h4 Qa4 30. Rd4 Qb5 31. h5 gxh5 32. Qxh5 Qxb2 33. g5 Rc2 34.
Be4+ Kg8 35. Bxc2 Qxc2 36. Qxh6 Bf5 37. Rh4 Be4+ 38. Kg3 Qc7+ 39. Kh3 Qd7+ 40.
Kg3 Qc7+ 41. Rf4 d4 42. exd4 Qc3+ 43. Kh2 Qe1 44. Rxe4 Qxf2+ 45. Kh1 Qf1+ 46.
Kh2 Qf2+ 47. Kh3 Qf3+ 48. Kh2 Qf2+ 49. Kh1 Qf1+ 50. Kh2 Qf2+ 1/2-1/2

[Event "I Torneo Villa de Madrid 2009"]
[Site "Madrid ESP"]
[Date "2009.12.12"]
[Round "3.3"]
[White "Herraiz Hidalgo, Herminio"]
[Black "Perez Gonzalez, Jose Manuel"]
[Result "1-0"]
[WhiteElo "2488"]
[BlackElo "2332"]
[PlyCount "79"]
[EventDate "2009.12.12"]
[EventType "swiss (rapid)"]
[EventRounds "8"]
[EventCountry "ESP"]
[Source "lmi"]
[SourceDate "2009.12.12"]

1. Nf3 g6 2. c4 Nf6 3. Nc3 Bg7 4. e4 d6 5. d4 O-O 6. Be2 c5 7. d5 b5 8. cxb5 a6
9. b6 Nbd7 10. O-O Nxb6 11. Bf4 Bb7 12. Re1 Nh5 13. Be3 h6 14. a4 a5 15. Qd2
Kh7 16. Qc2 Nf6 17. Rad1 Ng4 18. Bf4 Nd7 19. Nd2 Nge5 20. Be3 g5 21. b3 Ba6 22.
Nb5 Bxb5 23. Bxb5 Ng4 24. e5+ Kh8 25. exd6 exd6 26. Qf5 Nde5 27. Ne4 Rc8 28.
Bd2 Nf6 29. Nxf6 Qxf6 30. Qxf6 Bxf6 31. Bxa5 c4 32. bxc4 Nxc4 33. Bb4 Be5 34.
Rxe5 Nxe5 35. Bxd6 f6 36. Bxf8 Rxf8 37. a5 Ra8 38. a6 Kg7 39. d6 Kf7 40. d7 1-0

[Event "I Torneo Villa de Madrid 2009"]
[Site "Madrid ESP"]
[Date "2009.12.12"]
[Round "3.4"]
[White "Anton Guijarro, David"]
[Black "Suba, Mihai"]
[Result "1-0"]
[WhiteElo "2300"]
[BlackElo "2471"]
[PlyCount "90"]
[EventDate "2009.12.12"]
[EventType "swiss (rapid)"]
[EventRounds "8"]
[EventCountry "ESP"]
[Source "lmi"]
[SourceDate "2009.12.12"]

1. d4 Nf6 2. Nf3 e6 3. e3 b6 4. Bd3 Bb7 5. O-O c5 6. c4 Be7 7. Nc3 cxd4 8. exd4
d5 9. cxd5 Nxd5 10. Ne5 O-O 11. Qg4 f5 12. Qe2 Bf6 13. Bc4 Re8 14. Rd1 a6 15.
Bb3 b5 16. Qh5 Re7 17. Bg5 Qd6 18. Nxd5 Bxd5 19. Bxd5 Qxd5 20. Bxf6 gxf6 21.
Qh4 Rg7 22. g3 Qd8 23. d5 exd5 24. Rac1 Nd7 25. Nc6 Ne5 26. Nxd8 Nf3+ 27. Kf1
Nxh4 28. Ne6 Nf3 29. Nxg7 Kxg7 30. Kg2 Ng5 31. Rxd5 Re8 32. h4 Ne4 33. Re1 Rc8
34. Rxf5 Nd6 35. Rd5 Nc4 36. b3 Ne5 37. Re2 Rc6 38. Red2 Rc3 39. Rd6 a5 40.
R6d5 Nf3 41. Re2 a4 42. Re3 Rxe3 43. fxe3 axb3 44. axb3 Ne1+ 45. Kf2 Kg8 1-0

[Event "I Torneo Villa de Madrid 2009"]
[Site "Madrid ESP"]
[Date "2009.12.12"]
[Round "4.2"]
[White "Moreno Trujillo, Alejandro"]
[Black "Anton Guijarro, David"]
[Result "1/2-1/2"]
[WhiteElo "2434"]
[BlackElo "2300"]
[PlyCount "152"]
[EventDate "2009.12.12"]
[EventType "swiss (rapid)"]
[EventRounds "8"]
[EventCountry "ESP"]
[Source "lmi"]
[SourceDate "2009.12.12"]

1. d4 Nf6 2. Nf3 d5 3. c4 e6 4. Nc3 c6 5. cxd5 exd5 6. Bg5 Be7 7. e3 Bf5 8. Nh4
Be4 9. f3 Bg6 10. Nxg6 hxg6 11. Bd3 Nbd7 12. Qe2 Nh5 13. Bxe7 Qxe7 14. O-O-O
O-O-O 15. g4 Nhf6 16. h4 Rde8 17. Rde1 Nb6 18. Kb1 Kb8 19. Qf2 Qc7 20. Qh2 Qxh2
21. Rxh2 Nbd7 22. Kc1 Nf8 23. Kd2 Ne6 24. Reh1 Re7 25. a4 a5 26. Rb1 c5 27.
dxc5 d4 28. exd4 Nxd4 29. Rf1 Nb3+ 30. Kc2 Nxc5 31. Bc4 Ne6 32. Rd1 Rc8 33.
Bxe6 Rxe6 34. Rhd2 Re3 35. Rd3 Rxd3 36. Rxd3 Rh8 37. g5 Nh5 38. Rd7 f6 39. Nd5
fxg5 40. hxg5 Rf8 41. Ne7 Rxf3 42. Rd5 Rf2+ 43. Kb3 Nf4 44. Rxa5 Rg2 45. Kc3
Ne6 46. Nxg6 Rxg5 47. Ne5 b6 48. Rd5 Kc8 49. Nc4 Kc7 50. Rxg5 Nxg5 51. Kb4 Ne6
52. Kb5 Nd4+ 53. Ka6 g5 54. Nxb6 g4 55. Nd5+ Kb8 56. Nf4 Nc2 57. Ne2 Ne3 58. b4
Nf5 59. Nf4 Ne3 60. b5 g3 61. b6 g2 62. Ne2 Nd5 63. Ng1 Nc3 64. a5 Ka8 65. Nf3
Kb8 66. Ne5 g1=Q 67. Nc6+ Kc8 68. b7+ Kd7 69. b8=Q Qf1+ 70. Ka7 Qb5 71. Ne5+
Ke6 72. Qxb5 Nxb5+ 73. Kb6 Nd6 74. a6 Kxe5 75. Kc6 Nc8 76. Kb7 Nd6+ 1/2-1/2

[Event "I Torneo Villa de Madrid 2009"]
[Site "Madrid ESP"]
[Date "2009.12.12"]
[Round "4.3"]
[White "Claverie, Raul"]
[Black "Pilgaard, Kim"]
[Result "0-1"]
[WhiteElo "2384"]
[BlackElo "2435"]
[PlyCount "160"]
[EventDate "2009.12.12"]
[EventType "swiss (rapid)"]
[EventRounds "8"]
[EventCountry "ESP"]
[Source "lmi"]
[SourceDate "2009.12.12"]

1. e4 e5 2. Nf3 Nc6 3. Bc4 Nf6 4. d3 Be7 5. O-O O-O 6. h3 d5 7. exd5 Nxd5 8.
Re1 Nb6 9. Bb3 a5 10. a3 Bd6 11. Nc3 Bf5 12. Be3 Nd7 13. Qd2 Kh8 14. Bg5 f6 15.
Be3 Nc5 16. Bd5 Qd7 17. Ne4 Ne6 18. Nh4 Ned4 19. c3 Be6 20. Bxe6 Nxe6 21. Nf5
Ne7 22. Nxe7 Bxe7 23. d4 f5 24. d5 fxe4 25. dxe6 Qxe6 26. Rad1 Rad8 27. Qc2 Qc6
28. Rxd8 Rxd8 29. Rd1 Rxd1+ 30. Qxd1 a4 31. Qh5 Bf6 32. Qf7 h6 33. g4 Kh7 34.
Bxh6 Qd6 35. Be3 b5 36. Qh5+ Kg8 37. g5 Be7 38. Qe8+ Bf8 39. Qxb5 Qd1+ 40. Qf1
Qxf1+ 41. Kxf1 g6 42. c4 Kf7 43. Kg2 Ke6 44. Kf1 Kf5 45. Ke2 Be7 46. Kd2 Bxg5
47. Bxg5 Kxg5 48. b3 axb3 49. a4 Kf4 50. a5 Kf3 51. a6 Kxf2 52. a7 e3+ 53. Kc3
e2 54. a8=Q e1=Q+ 55. Kxb3 Qe3+ 56. Kb4 Qxh3 57. Qa2+ Kf3 58. Qa3+ Kg4 59. Qa6
Qd3 60. Qc8+ Qf5 61. Qxc7 e4 62. Qe7 Qf4 63. Qe6+ Kh5 64. c5 e3+ 65. Kb5 Qf1+
66. Kb6 e2 67. Qe5+ Kg4 68. Qe4+ Kh5 69. Qe5+ g5 70. Qe8+ Kh4 71. Qe4+ g4 72.
Qe7+ Kh3 73. Qe3+ g3 74. Qe6+ Kh2 75. Qh6+ Kg1 76. c6 e1=Q 77. Qg5 Qff2+ 78.
Kb7 Qb4+ 79. Kc8 Qff8+ 80. Kc7 Qbb8+ 0-1

[Event "I Torneo Villa de Madrid 2009"]
[Site "Madrid ESP"]
[Date "2009.12.12"]
[Round "4.4"]
[White "Barria Zuñiga, Daniel"]
[Black "Sotillo Ramos, Federico"]
[Result "1-0"]
[WhiteElo "2429"]
[BlackElo "2196"]
[PlyCount "81"]
[EventDate "2009.12.12"]
[EventType "swiss (rapid)"]
[EventRounds "8"]
[EventCountry "ESP"]
[Source "lmi"]
[SourceDate "2009.12.12"]

1. d4 d5 2. c4 c6 3. Nf3 Nf6 4. Nc3 dxc4 5. a4 Bf5 6. e3 e6 7. Bxc4 Bb4 8. O-O
Nbd7 9. Nh4 Bg6 10. Nxg6 hxg6 11. Qf3 Bd6 12. g3 Nb6 13. Bb3 O-O 14. a5 Nbd5
15. e4 Nxc3 16. bxc3 Be7 17. a6 b6 18. e5 Nd5 19. Kg2 c5 20. c4 Nb4 21. d5 Qc8
22. d6 Bd8 23. Rd1 Qc6 24. Qxc6 Nxc6 25. f4 g5 26. Ba4 Nd4 27. fxg5 f6 28. gxf6
gxf6 29. Bh6 Rf7 30. Be8 Rh7 31. Bf4 Ne2 32. Bc6 Rb8 33. Ra3 Rg7 34. Be3 fxe5
35. Re1 Nd4 36. Bxd4 cxd4 37. Rxe5 Rg6 38. Rf3 Bg5 39. Be4 Rg7 40. Rxe6 Be3 41.
Bd5 1-0

[Event "I Torneo Villa de Madrid 2009"]
[Site "Madrid ESP"]
[Date "2009.12.13"]
[Round "5.1"]
[White "Pilgaard, Kim"]
[Black "Barria Zuñiga, Daniel"]
[Result "0-1"]
[PlyCount "114"]
[EventDate "2009.12.12"]
[EventType "swiss (rapid)"]
[EventRounds "8"]
[EventCountry "ESP"]
[Source "lmi"]
[SourceDate "2009.12.12"]
[WhiteElo "2435"]
[BlackElo "2429"]

1. e4 c5 2. Nf3 e6 3. d4 cxd4 4. Nxd4 Nc6 5. Nc3 Qc7 6. Be3 Nf6 7. Bd3 a6 8.
O-O b5 9. Nxc6 Qxc6 10. e5 Bb7 11. f3 Nd5 12. Nxd5 Qxd5 13. Be4 Qxe5 14. Bxb7
Qxe3+ 15. Kh1 Ra7 16. Be4 Be7 17. Re1 Qc5 18. a4 b4 19. Qe2 Bf6 20. Rab1 O-O
21. Bd3 a5 22. Qe4 g6 23. b3 Kg7 24. Rbd1 d5 25. Qe3 Qxe3 26. Rxe3 Rc7 27. Re2
Rfc8 28. Kg1 Bc3 29. Kf1 Rc6 30. Bb5 Rb6 31. g4 Rf8 32. Kg2 h5 33. h3 hxg4 34.
hxg4 Rh8 35. Rh1 f5 36. gxf5 gxf5 37. Kg1 Kf7 38. Reh2 Bg7 39. Kf2 e5 40. Bd7
f4 41. Bf5 Ke7 42. Ke2 Rf6 43. Bd3 Kd6 44. Rh7 Rf7 45. R7h5 Kc5 46. Kd2 Kd4 47.
Rg5 Re7 48. Bf1 e4 49. fxe4 dxe4 50. Rxa5 f3 51. Bc4 e3+ 52. Ke1 Be5 53. Rd5+
Ke4 54. Rb5 Kf4 55. Kf1 Bc3 56. Be2 fxe2+ 57. Kxe2 Ra8 0-1

[Event "I Torneo Villa de Madrid 2009"]
[Site "Madrid ESP"]
[Date "2009.12.13"]
[Round "5.3"]
[White "Roa Alonso, Santiago"]
[Black "Moreno Trujillo, Alejandro"]
[Result "1-0"]
[PlyCount "67"]
[EventDate "2009.12.12"]
[EventType "swiss (rapid)"]
[EventRounds "8"]
[EventCountry "ESP"]
[Source "lmi"]
[SourceDate "2009.12.12"]
[WhiteElo "2412"]
[BlackElo "2434"]

1. e4 e6 2. d4 d5 3. Nc3 Bb4 4. e5 c5 5. a3 Bxc3+ 6. bxc3 Ne7 7. Nf3 Nbc6 8. a4
Qa5 9. Bd2 Bd7 10. h4 f6 11. exf6 gxf6 12. c4 Qc7 13. cxd5 Nxd5 14. dxc5 Ne5
15. Be2 Nxf3+ 16. Bxf3 Qe5+ 17. Kf1 O-O-O 18. c4 Nc7 19. Qb1 Bc6 20. Bxc6 bxc6
21. Be3 Rhg8 22. Ra3 Qh5 23. f3 Qg6 24. Qxg6 Rxg6 25. Kf2 h5 26. Rg1 Rdg8 27.
Rd3 e5 28. Rd6 f5 29. Rxg6 Rxg6 30. Rd1 Na6 31. Rd6 Rxd6 32. cxd6 c5 33. g4 f4
34. gxh5 1-0

[Event "I Torneo Villa de Madrid 2009"]
[Site "Madrid ESP"]
[Date "2009.12.13"]
[Round "5.4"]
[White "Anton Guijarro, David"]
[Black "Taboas Rodriguez, Daniel"]
[Result "0-1"]
[PlyCount "72"]
[EventDate "2009.12.12"]
[EventType "swiss (rapid)"]
[EventRounds "8"]
[EventCountry "ESP"]
[Source "lmi"]
[SourceDate "2009.12.12"]
[WhiteElo "2300"]
[BlackElo "2359"]

1. d4 Nf6 2. Nf3 e6 3. e3 b6 4. Bd3 Bb7 5. O-O c5 6. c4 Be7 7. Nc3 O-O 8. d5
exd5 9. cxd5 d6 10. e4 Ba6 11. Re1 Bxd3 12. Qxd3 Nbd7 13. Nd2 a6 14. a4 Qc7 15.
Nc4 Ng4 16. Bf4 f6 17. Qh3 Nde5 18. Bxe5 Nxe5 19. Nxe5 fxe5 20. Nb1 Rf6 21. Na3
Raf8 22. Re2 Rh6 23. Qb3 Rf4 24. g3 Rff6 25. Qc4 Qc8 26. Qd3 Qg4 27. Rc2 Rf3
28. Qe2 Qh5 29. h3 Bg5 30. Rd1 Be3 31. fxe3 Rxg3+ 32. Kf2 Qxh3 33. Qf1 Rf6+ 34.
Ke2 Rxe3+ 35. Kd2 Rxf1 36. Rxf1 Rxa3 0-1

[Event "I Torneo Villa de Madrid 2009"]
[Site "Madrid ESP"]
[Date "2009.12.13"]
[Round "6.1"]
[White "Barria Zuñiga, Daniel"]
[Black "Roa Alonso, Santiago"]
[Result "1/2-1/2"]
[PlyCount "20"]
[EventDate "2009.12.12"]
[EventType "swiss (rapid)"]
[EventRounds "8"]
[EventCountry "ESP"]
[Source "lmi"]
[SourceDate "2009.12.12"]
[WhiteElo "2429"]
[BlackElo "2412"]

1. d4 Nf6 2. c4 e6 3. Nf3 b6 4. g3 Ba6 5. Qc2 c5 6. d5 exd5 7. cxd5 Bb7 8. Bg2
Bxd5 9. Nc3 Bb7 10. O-O Be7 1/2-1/2

[Event "I Torneo Villa de Madrid 2009"]
[Site "Madrid ESP"]
[Date "2009.12.13"]
[Round "6.2"]
[White "Taboas Rodriguez, Daniel"]
[Black "Hernandez Carmenates, Holden"]
[Result "0-1"]
[PlyCount "128"]
[EventDate "2009.12.12"]
[EventType "swiss (rapid)"]
[EventRounds "8"]
[EventCountry "ESP"]
[Source "lmi"]
[SourceDate "2009.12.12"]
[WhiteElo "2359"]
[BlackElo "2564"]

1. d4 Nf6 2. Nf3 e6 3. c4 b6 4. Nc3 Bb7 5. Bg5 h6 6. Bh4 g5 7. Bg3 Nh5 8. e3
Nxg3 9. hxg3 Bg7 10. Qc2 Nc6 11. d5 Nb4 12. Qb3 a5 13. Be2 Qe7 14. Rd1 O-O 15.
O-O d6 16. a3 Na6 17. Qc2 Nc5 18. b4 Nd7 19. Nb5 Nf6 20. dxe6 fxe6 21. c5 axb4
22. axb4 Be4 23. cxd6 cxd6 24. Qd2 d5 25. Rc1 Rfc8 26. Ne5 Ne8 27. Nc6 Qd7 28.
Ncd4 e5 29. Nf3 Rxc1 30. Rxc1 Bg6 31. Rd1 Bf7 32. Bc4 Rd8 33. e4 d4 34. Qa2 Rc8
35. Bxf7+ Qxf7 36. Qa6 Qe6 37. Ne1 Nc7 38. Nxc7 Rxc7 39. Nd3 Rc3 40. f3 g4 41.
Qa8+ Kh7 42. Qd5 Qxd5 43. exd5 gxf3 44. gxf3 Kg6 45. d6 Rc6 46. f4 exf4 47.
Nxf4+ Kf5 48. Rf1 Rxd6 49. Nh5+ Kg6 50. Nf4+ Kg5 51. Nh3+ Kg6 52. Nf4+ Kf7 53.
Kf2 Rc6 54. Ke2 Be5 55. Kd3 Rf6 56. Ke4 Bxf4 57. gxf4 Rd6 58. Ke5 Rd8 59. b5 d3
60. Ke4 d2 61. Rd1 Kf6 62. f5 h5 63. Ke3 Kxf5 64. Ke2 Ke5 0-1

[Event "I Torneo Villa de Madrid 2009"]
[Site "Madrid ESP"]
[Date "2009.12.13"]
[Round "6.3"]
[White "Hernando Pertierra, Jose Carlos"]
[Black "Suba, Mihai"]
[Result "0-1"]
[PlyCount "104"]
[EventDate "2009.12.12"]
[EventType "swiss (rapid)"]
[EventRounds "8"]
[EventCountry "ESP"]
[Source "lmi"]
[SourceDate "2009.12.12"]
[WhiteElo "2374"]
[BlackElo "2471"]

1. g3 d5 2. Nf3 c6 3. Bg2 Bg4 4. O-O Nd7 5. h3 Bh5 6. c4 e6 7. cxd5 cxd5 8. d3
Ngf6 9. Nc3 Be7 10. Qb3 Nc5 11. Qd1 O-O 12. g4 Bg6 13. Ne5 Rc8 14. Bf4 a6 15.
Rc1 b5 16. Nxg6 hxg6 17. d4 Ncd7 18. Qb3 Nb6 19. Rc2 Qd7 20. Rfc1 Nc4 21. Nd1
Bd6 22. Bxd6 Nxd6 23. Rxc8 Rxc8 24. Rxc8+ Qxc8 25. Qc3 Qxc3 26. Nxc3 g5 27. e3
Kf8 28. Bf1 Ke7 29. Bd3 Kd7 30. f3 Nc4 31. Nd1 Kd6 32. f4 gxf4 33. exf4 Ne4 34.
Kg2 f6 35. h4 Ke7 36. h5 Ned6 37. Kf3 Nf7 38. Kg3 e5 39. fxe5 fxe5 40. dxe5
Ncxe5 41. Bf5 d4 42. Kf4 Kf6 43. Nf2 Ng5 44. Ne4+ Nxe4 45. Kxe4 Nc4 46. Kxd4
Nxb2 47. Bc8 a5 48. Ba6 b4 49. Be2 Na4 50. Bf3 Nc3 51. a3 Nb5+ 52. Ke4 bxa3 0-1

[Event "I Torneo Villa de Madrid 2009"]
[Site "Madrid ESP"]
[Date "2009.12.13"]
[Round "6.4"]
[White "Longa Yauca, Javier"]
[Black "Almagro Llamas, Pablo"]
[Result "0-1"]
[PlyCount "115"]
[EventDate "2009.12.12"]
[EventType "swiss (rapid)"]
[EventRounds "8"]
[EventCountry "ESP"]
[Source "lmi"]
[SourceDate "2009.12.12"]
[WhiteElo "2267"]
[BlackElo "2453"]

1. d4 d5 2. c4 c6 3. e3 Nf6 4. Nc3 a6 5. Nf3 b5 6. cxd5 cxd5 7. Bd2 Bb7 8. Rc1
e6 9. Qb3 Nbd7 10. Be2 Bd6 11. a4 b4 12. Na2 a5 13. O-O O-O 14. Bb5 e5 15. dxe5
Nxe5 16. Nd4 Ne4 17. Be1 Qf6 18. f3 Nc5 19. Qd1 Nc4 20. Bf2 Nxb2 21. Qe2 Nc4
22. Rfd1 Rac8 23. Ra1 Bb8 24. Nc1 Qe5 25. g3 Ba7 26. Nd3 Nxd3 27. Rxd3 Nd6 28.
Rd2 Rc3 29. Rad1 Rfc8 30. Ba6 Qe7 31. g4 g6 32. Bxb7 Qxb7 33. Rd3 Rxd3 34. Qxd3
Rc3 35. Qe2 Nc4 36. Nb5 Rxe3 37. Bxe3 Bxe3+ 38. Kh1 Qc6 39. Rd3 Qc5 40. Qc2 d4
41. Nd6 Qxd6 42. Qxc4 Kg7 43. Kg2 Qd7 44. Qc2 Qd5 45. Qd1 Qa2+ 46. Kh3 Qf2 47.
Qh1 h6 48. Qg2 Qe1 49. Rb3 g5 50. Qc2 Qf1+ 51. Qg2 Qd1 52. Rb2 d3 53. Rf2 Bxf2
54. Qxf2 Qa1 55. Qd2 Qc3 56. Qe3 d2 57. Qe2 Qd4 58. Kg2 0-1

[Event "I Torneo Villa de Madrid 2009"]
[Site "Madrid ESP"]
[Date "2009.12.13"]
[Round "7.1"]
[White "Hernandez Carmenates, Holden"]
[Black "Barria Zuñiga, Daniel"]
[Result "1/2-1/2"]
[PlyCount "78"]
[EventDate "2009.12.12"]
[EventType "swiss (rapid)"]
[EventRounds "8"]
[EventCountry "ESP"]
[Source "lmi"]
[SourceDate "2009.12.12"]
[WhiteElo "2564"]
[BlackElo "2429"]

1. d4 d5 2. c4 c6 3. Nc3 Nf6 4. e3 g6 5. Nf3 Bg7 6. cxd5 cxd5 7. Bb5+ Nc6 8.
O-O O-O 9. Bd2 Bg4 10. h3 Bxf3 11. Qxf3 Rc8 12. Rfc1 a6 13. Bf1 e5 14. dxe5
Nxe5 15. Qd1 b5 16. Be1 Qd7 17. b3 Nc6 18. Ne2 Ne4 19. Rab1 Rfd8 20. Rc2 d4 21.
exd4 Nxd4 22. Rxc8 Rxc8 23. Nxd4 Qxd4 24. Qxd4 Bxd4 25. a4 Nc3 26. Bxc3 Rxc3
27. axb5 axb5 28. Bxb5 Rc2 29. Rf1 h5 30. h4 Kg7 31. Bd3 Rd2 32. Bc4 Rb2 33. g3
f5 34. Kg2 Kf6 35. Kf3 g5 36. hxg5+ Kxg5 37. Bf7 Bb6 38. Bc4 Bd4 39. Kg2 Bb6
1/2-1/2